| 000 | 01397nam a2200421 i 4500 | ||
|---|---|---|---|
| 001 | 28787 | ||
| 003 | KOSZ 005 | ||
| 005 | 20200706113548.0 | ||
| 008 | 971010s1989 pl a f |001 0 pol | ||
| 015 | _aPB 1989/1258 | ||
| 020 | _a8320409896 | ||
| 040 |
_aWA N _cWA N _dKOSZ 005/HR |
||
| 046 | _k1989 | ||
| 080 | _a621.38 | ||
| 080 | _a 621.3.037.37 | ||
| 080 | _a519.6 | ||
| 080 | _a 004.382.7 | ||
| 100 | 1 |
_aBiałko, Michał _d(1929-2020) _eAutor |
|
| 245 | 1 | 0 |
_aAnaliza układów elektronicznych wspomagana mikrokomputerem / _cMichał Białko. |
| 260 |
_aWarszawa : _bWydawnictwa Naukowo-Techniczne, _c1989. |
||
| 300 |
_a274, [2] s. : _brys., wykr. ; _c24 cm. |
||
| 336 |
_2rdacontent _aTekst _btxt |
||
| 337 |
_2rdamedia _aBez urządzenia pośredniczącego _bn |
||
| 338 |
_2rdacarrier _aWolumin _bnc |
||
| 380 | _aKsiążki | ||
| 388 | _a1901-2000 | ||
| 388 | _a1945-1989 | ||
| 490 | 1 | _aUkłady i Systemy Elektroniczne. | |
| 504 | _aBibliogr. s. 273. - Indeks. | ||
| 650 | 4 | _aAnaliza numeryczna | |
| 650 | 4 | _aElektronika | |
| 650 | 4 | _aUkład elektroniczny | |
| 658 | _aInżynieria i technika | ||
| 710 | 2 |
_aWydawnictwa Naukowo-Techniczne _4pbl. |
|
| 830 | 0 | _aUkłady i Systemy Elektroniczne | |
| 856 |
_uhttp://koha.tu.koszalin.pl/cgi-bin/koha/opac-detail.pl?biblionumber=28787 _yKatalog online BPK |
||
| 942 |
_2UKD _cKS |
||
| 999 |
_c28787 _d28787 |
||